000
00241nam a2200097Ia 4500
008
240625s9999 xx 000 0 und d
041
_a
eng
082
_a
808.20 KAU
100
_a
KAUR MANJYOT
245
_a
ANALYSING PPP MARKET IN EMERGING ECONOMI
999
_c
37545
_d
37545